KOHA-Header-6

MCSE Networking Essentials study Guide (Record no. 6401)

000 -LEADER
fixed length control field 00282nam a2200109Ia 4500
100 ## - MAIN ENTRY--AUTHOR NAME
Personal name Chellis, James
245 #0 - TITLE STATEMENT
Title MCSE Networking Essentials study Guide
260 ## - PUBLICATION, DISTRIBUTION, ETC. (IMPRINT)
Place of publication New Delhi
Name of publisher Addison - Wesley
Year of publication 1997
300 ## - PHYSICAL DESCRIPTION
Number of Pages 628
942 ## - ADDED ENTRY ELEMENTS (KOHA)
Koha item type Books
Holdings
Withdrawn status Lost status Collection code Permanent Location Current Location Shelving location Date acquired Full call number Accession Number Koha item type
    Computer Networking MAJU MAJU   2019-09-07 505.75 4951 Computer Networking

Powered by Koha